000
00343nam a22001097a 4500
999
_c
14061
_d
14061
082
_a
297.082
100
_a
طالب ہاشمی
245
_a
تاریخ اسلام کی چار سو باکمال خواتین
260
_a
لاہور
_b
طالب ہاشمی میموریل ٹرسٹ پبلیکیشنز
_c
2015
300
_a
صفحات 640
942
_c
BK